Ornithological gazetteer of Peru / (Registro nro. 1229)
[ vista simple ]
| 000 -CABECERA | |
|---|---|
| Campo de control | 01117cam a2200301 a 4500 |
| 005 - FECHA Y HORA DE LA ULTIMA TRANSACCION | |
| Campo de control | 20160105083904.0 |
| 008 - ELEMENTOS DE LONGITUD FIJA—INFORMACION GENERAL | |
| Campo de control | 830811s1983 mauaf bc 000 0 eng |
| 040 ## - FUENTE DE CATALOGACIÓN | |
| Agencia catalogadora original | DLC |
| Agencia transcriptora | DLC |
| Agencia Modificadora | DLC |
| -- | CO-BoIAVH |
| 041 ## - IDIOMA | |
| Código de idioma para texto/pista de sonido o título separado | Inglés |
| 043 ## - GEOGRAPHIC AREA CODE | |
| Geographic area code | s-pe--- |
| 044 ## - PAÍS DE PUBLICACIÓN | |
| País de publicación | Estados Unidos |
| 082 00 - NUMERO DE CLASIFICACION DECIMAL DEWEY | |
| Número de clasificación | 598.0723 |
| Número del ítem | S83o |
| 100 1# - ASIENTO PRINCIPAL--NOMBRE PERSONAL | |
| Nombre personal | Stephens, Lorain. |
| 245 10 - MENCION DE TITULO | |
| Título | Ornithological gazetteer of Peru / |
| Mención de responsabilidad | Lorain Stephens and Melvin A. Traylor, Jr. |
| 260 ## - PUBLICACION, DISTRIBUCION, ETC. (PIE DE IMPRENTA) | |
| Lugar de publicación, distribución, etc. | Cambridge, Mass. : |
| Nombre del editor, distribuidor, etc. | Bird Dept., Museum of Comparative Zoology, Harvard University, |
| Fecha de publicación, distribución, etc. | 1983. |
| 300 ## - DESCRIPCION FISICA | |
| Extensión | vi, 271 paginas., |
| Otros detalles físicos | ilustraciones ; |
| Dimensiones | 23 x 15 cm. |
| 500 ## - NOTA GENERAL | |
| Nota general | On cover: Gazetteer of Peru. |
| 504 ## - NOTA DE BIBLIOGRAFIA, ETC. | |
| Nota de bibliografía | Bibliography: p. 243-271. |
| 650 #0 - ASIENTO SECUNDARIO DE MATERIA - TERMINO TEMATICO | |
| Término temático o nombre geográfico como elemento de entrada | Birds |
| Subdivisión geográfica | Peru |
| Subdivisión general | Geographical distribution. |
| 650 #0 - ASIENTO SECUNDARIO DE MATERIA - TERMINO TEMATICO | |
| Término temático o nombre geográfico como elemento de entrada | Birds |
| Subdivisión de forma | Catalogs and collections |
| Subdivisión geográfica | Peru. |
| 650 #4 - ASIENTO SECUNDARIO DE MATERIA - TERMINO TEMATICO | |
| Término temático o nombre geográfico como elemento de entrada | Aves |
| Subdivisión de forma | Catalogo |
| Subdivisión geográfica | Peru |
| 650 #6 - ASIENTO SECUNDARIO DE MATERIA - TERMINO TEMATICO | |
| Término temático o nombre geográfico como elemento de entrada | Diccionario Geografico |
| Subdivisión geográfica | Peru |
| 651 #0 - ASIENTO SECUNDARIO DE MATERIA - NOMBRE GEOGRAFICO | |
| Nombre geográfico | Peru |
| Subdivisión general | Gazetteers. |
| 700 1# - ASIENTO SECUNDARIO - NOMBRE PERSONAL | |
| Nombre personal | Traylor, Melvin A. |
| Forma más completa del nombre | (Melvin Alvah), |
| Fechas asociadas con el nombre | 1915-2008. |
| 740 0# - ASIENTO SECUNDARIO - TITULOS RELACIONADOS /ANALITICOS NO CONTROLADOS | |
| Título relacionado o analítico no controlado | Gazetteer of Peru. |
| 906 ## - LOCAL DATA ELEMENT F, LDF (RLIN) | |
| a | 7 |
| b | cbc |
| c | orignew |
| d | 2 |
| e | ncip |
| f | 19 |
| g | y-gencatlg |
| 942 ## - ELEMENTOS ADICIONALES (KOHA) | |
| Sistema de clasificación | Dewey Decimal Classification |
| Tipo de ítem | Libro |
| Withdrawn status | Lost status | Sistema de Clasificación | Damaged status | No para préstamo | Colección | Inventariado | Ubicación Permanente | Ubicación actual | Fecha de adquisición | Fuente de Valor | Valor | Total Checkouts | Número topográfico | Inventario / Código de Barras | Date last seen | Ejemplar | Price effective from | Forma de adquisición | Tipo de material |
|---|---|---|---|---|---|---|---|---|---|---|---|---|---|---|---|---|---|---|---|
| Dewey Decimal Classification | General | Inventariado 2017 | Bogotá | Bogotá | 25/04/1999 | Instituto | 60000.00 | LB-598.0723 S83o | 001662 | 04/12/2012 | Ej. 1 | 04/12/2012 | Libro |